000 01508cam a2200265 4500
001 ##L135300
002 ##11582
008 061010n2006 000 0 eng u
020 _a1904829465
_a9781904829522
035 _a(Sirsi) u135300
041 0 _aeng
050 0 4 _a692.5 $2 18
110 2 _aBuilding Cost Information Service
_91096
245 0 4 _aThe property makeover price guide
_borganising and budgeting for home improvers and developers
260 _aLondon
_bBCIS
_c2006
300 _a209p.
_c25cm.
350 _a17.99
505 1 _aCost information -- Employing a contractor -- Planning and building legislation and regulations -- Major property problems -- Repairs -- Services -- Finishes -- Redecorations -- Common alteration works -- Total project costs -- Costing assumptions -- Where to get help: useful contacts -- Location factors -- Inflation indices -- House types -- Glossary
520 _aProvides cost information and advice to help homeowners budget for repair, improvement, alteration and extension work. Contains prices for over 1 300 different types of work and around 3 500 items within defect, alterations and project costs, including kitchens, bathrooms, extensions and conservatories. Includes advice on major property problems, planning permission and Building Regulations, and employing contractors or builders.
590 _aIKA311006
651 4 _aUnited Kingdom
_y
690 _aBUILT ENVIRONMENT-BUILDING COSTS
690 _aRefurbishment
_96264
942 _n0
999 _c105991
_d105991